|
|
|
|
| LEADER |
00000cam a2200000 a 4500 |
| 001 |
vtls009650910 |
| 003 |
SK-MaSNL |
| 005 |
20260302010245.0 |
| 008 |
251124s1997 xr f 000 0 cze |
| 020 |
|
|
|a 8071781541
|q (brož.)
|
| 035 |
|
|
|a (SVKBBclas03)vtls000015632
|
| 040 |
|
|
|a SNK
|b slo
|c SNK
|e AACR2
|
| 041 |
1 |
|
|a cze
|h ger
|
| 044 |
|
|
|a xr
|c CZ
|
| 072 |
|
7 |
|a 17
|x Etika. Morálna filozofia
|2 konspekt
|
| 080 |
|
|
|a 17.02
|2 2001
|
| 080 |
|
|
|a 159.9
|2 2001
|
| 080 |
|
|
|a (048.8)
|2 2001
|
| 100 |
1 |
|
|a Heidbrink, Horst
|4 aut
|9 648820
|
| 240 |
1 |
0 |
|a Einführung im die Moralpsychologie
|l Česky
|
| 245 |
1 |
0 |
|a Psychologie morálního vývoje
|c Horst Heidbrink ; [z německého originálu přeložil Ondřej Müller]
|
| 250 |
|
|
|a 1. vyd.
|
| 260 |
|
|
|a Praha
|b Portál
|c 1997
|
| 300 |
|
|
|a 175 s.
|b ilustr., tab.
|c 20 cm
|
| 490 |
1 |
|
|a Studium
|v 2
|
| 650 |
0 |
7 |
|a morálka
|x psychologické aspekty
|2 SNKPH
|9 324801
|
| 655 |
|
7 |
|a štúdie
|2 SNKPH
|9 57033
|
| 700 |
1 |
|
|a Müller, Ondřej
|4 trl
|9 648821
|
| 830 |
|
0 |
|a Studium
|9 304026
|
| 919 |
|
|
|a 80-7178-154-1
|
| 999 |
|
|
|c 1002521
|d 1004451
|
| 952 |
|
|
|t snkHEI 17
|a SNKUST
|b SNKUST
|y PREZ
|7 0
|p 17A0296211
|o snkID 98586
|i snk2011/16814
|8 5
|0 0
|1 0
|4 0
|d 2011-08-03
|l 0
|r 2025-03-21 00:00:00
|w 2026-02-24
|